Gaming Quiz

Random Gaming or Clickable Quiz

Clickable Chess Moves - Pawn Quiz Stats

 Plays Quiz Updated Nov 12, 2019

Support Sporcle.
Go Orange.
Score 0/12 Timer 00:30
20 Plays Today
% Correct
???
85.8%
???
84.4%
???
84.2%
???
80%
???
78.5%
???
78.4%
???
75.7%
???
74.9%
???
72.8%
???
72.1%
???
61.3%
???
57.6%

You're not logged in!

Compare scores with friends on all Sporcle quizzes.
OR
Log In

From the Vault

Haiku Multiple Choice: Holidays

by bhenderson79

Holiday poems
With multiple choice answers
In quiz form for you.
Remove Ads.
Support Sporcle.
Get the best of Sporcle when you Go Orange. This ad-free experience offers more features, more stats, and more fun while also helping to support Sporcle. Thank you for becoming a member.

Show Comments

Extras

Top Quizzes Today


Score Distribution

Your Account Isn't Verified!

In order to create a playlist on Sporcle, you need to verify the email address you used during registration. Go to your Sporcle Settings to finish the process.

Report this User

Report this user for behavior that violates our Community Guidelines.

Details: